000 00480pam a22001814a 4500
020 _a0071180664
020 _a0072314907
040 _cDLC
082 0 0 _a338 HIL 2001 A065 Or.
100 1 _aSamuelson, Paul A.
245 1 0 _aMicroeconomics /
250 _a17th ed. ; International ed.
260 _aBoston:
_bMcGraw-Hill Irwin,
_cc2001.
300 _axxii, 454 p. :
_bill. (some col.) ;
_c26 cm.
650 0 _aMicroeconomics.
700 1 _aNordhaus, William D.
942 _cEK
999 _c14289
_d14289